00693nam a2200217u 450000100060000000300080000600500170001400800390003103500190007004000330008904100080012208200200013011000540015024500790020425000170028326000770030030000210037750400200039865000250041870000320044316388BD-RjUL20211209000013.0140213r19611959mdu 001 0 eng a(BD-RjUL)16443 aDLCcCarPdDLCdBD-RjULbeng aeng04a796.4bVFG 19612 aV-Five Association of America. [from old catalog]00aGymnastics and tumbling /cA V-five association physical education manual. a2nd rev. ed. aAnnapolis, Md. :bUnited States Naval Institute,c1959 [reprinted 1961]. a414 p. ;c24 cm. aincludes index. a Gymnastics. 1 aPrice, Hartley...[et. al.].